History Quiz

Random History or Nation Quiz

Countries of the Ottoman Empire Quiz Stats

 Plays Quiz Updated Sep 26, 2018

Challenge
Share
Tweet
Embed
Score 0/43 Timer 07:00
18 Plays Today
Years in Empire Modern Country % Correct
1299-1923Turkey
97.5%
1460-1912Greece
94.3%
1534-1918Iraq
93.3%
1585-1639Iran
93.1%
1517-1914Egypt
91.6%
1516-1918Israel
89.7%
1517-1916Saudi Arabia
86.9%
1645-1730Russia
86.7%
1480-1481Italy
84.9%
1516-1918Syria
84.8%
1538-1877Romania
82%
1516-1918Jordan
81.2%
1517-1918Yemen
81%
1459-1878Serbia
81%
1521-1912Libya
80.7%
1541-1699Hungary
80.5%
1343-1908Bulgaria
79.2%
1550-1589Oman
79%
1516-1918Lebanon
77.9%
1570-1914Cyprus
77%
1578-1810Georgia
76.9%
1410-1912Albania
76.7%
Years in Empire Modern Country % Correct
1475-1783Ukraine
76.2%
1529-1699Croatia
75.8%
1536-1831Algeria
75.8%
1371-1913Macedonia
75.7%
1516-1918Palestine
75.7%
1531-1881Tunisia
74.5%
1514-1918Armenia
73.2%
1600-1690Slovenia
72.7%
1820-1914Sudan
71.6%
1534-1914Kuwait
71.2%
1663-1685Slovakia
70%
1463-1908Bosnia and Herzegovina
69.4%
1496-1912Montenegro
67.8%
1516-1806Azerbaijan
67.8%
1871-1916Qatar
67.6%
1389-1912Kosovo
66.4%
1488-1877Moldova
63.6%
1875-1885Ethiopia
60.4%
1548-1884Somalia
58.4%
1557-1884Eritrea
53.2%
1555-1884Djibouti
48.7%

You're not logged in!

Compare scores with friends on all Sporcle quizzes.
OR
Log In

You Might Also Like...

Show Comments

Extras

Top Quizzes Today


Score Distribution

Your Account Isn't Verified!

In order to create a playlist on Sporcle, you need to verify the email address you used during registration. Go to your Sporcle Settings to finish the process.

Report this User

Report this user for behavior that violates our Community Guidelines.

Details: